عرض عادي
عرض مارك
- Dale, John G.
دخول Personal Name
001 - CONTROL NUMBER
- control field: 25258
003 - CONTROL NUMBER IDENTIFIER
- control field: AE-AdECS
005 - DATE AND TIME OF LATEST TRANSACTION
- control field: 20260120103643.0
008 - FIXED-LENGTH DATA ELEMENTS
- fixed length control field: 260120|| aca||aabn | a|a d
040 ## - CATALOGING SOURCE
- Original cataloging agency: AE-AdECS
- Transcribing agency: AE-AdECS
100 ## - HEADING--PERSONAL NAME
- Personal name: Dale, John G.
670 ## - SOURCE DATA FOUND
- Source citation: Work cat.: (AE-AdECS)293782: Grosescu, Raluca, author. 25256, Corporate Accountability for Human Rights Violations :
